| 000 | 00000nam##2200000za#4500 |
| 001 | 9.544735 |
| 003 | CaOODSP |
| 005 | 20250128111159 |
| 007 | ta |
| 008 | 150406|2007||||xxc||||| f|0| 0 fre|d |
| 020 | |a978-0-660-63411-1 |
| 040 | |aCaOODSP|bfre |
| 041 | |aeng |
| 041 | |afre |
| 043 | |an-cn--- |
| 086 | 1 |aFs73-2008/1 |
| 110 | 2 |aService hydrographique du Canada. |
| 245 | 10|aCôte de l'Atlantique et baie de Fundy |
| 260 | |bPêches et Océans Canada. |c2008. |
| 300 | |a93p. : |bgraphiques, carte, tableaux, index ; |c28 cm. |
| 490 | 1 |aTables des marées et courants du Canada, 2008 |vVol. 1 |
| 520 | 3 |aLes tables des marées et des courants fournissent les heures et les hauteurs prévues des hautes et des basses mers, et les heures prévues de l'étale ainsi que les heures et les vitesses maximales des courants. Les tables des marées sont utilisées pour obtenir la profondeur de l’eau sous quille ou par-dessus les hauts-fonds, pour l’ancrage, et pour décider le moment propice pour échouer un bateau. Les tables actuelles assurent la sécurité sur l’eau, surtout en ce qui concerne la voile, la navigation dans les passages étroits ou agités de courants forts, ou lorsque le vent va à l’encontre du courant. |
| 563 | |aCouverture souple |
| 590 | |a07-49|b2007-12-07 |
| 691 | 07|aMarée|2gcpds |
| 776 | 0#|tCanadian tide and current tables 2008. |w(CaOODSP)9.947444 |
| 791 | |tAtlantic Coast and Bay of Fundy |eeng|w(CaOODSP)9.544734 |
| 830 | #0|aTables des marées et courants du Canada, 2008 ;|vVol. 1|w(CaOODSP)9.511343 |